00387nam a2200109 4500008004100000040005500041080002700096100001800123245005300141260007300194300001000267240801b |||||||| |||| 00| 0 eng d aNational Science LibrarycNational Science Library a669.017:537.311.33bK9 aGadea, Suzana aMetalurgia fizica a materialelor semiconductoare aBucuresti: bEditura Academiei Republicii Socialiste Romania, c1966 a316p.